Microbial Evaluation And Validation Of Biomarkers For Environmental Contaminants/ (Record no. 233604)

000 -LEADER
fixed length control field 00688nam a22002177a 4500
003 - CONTROL NUMBER IDENTIFIER
control field NUST
005 - DATE AND TIME OF LATEST TRANSACTION
control field 20240627111302.0
008 - FIXED-LENGTH DATA ELEMENTS--GENERAL INFORMATION
fixed length control field 170309b xxu||||| |||| 00| 0 eng d
040 ## - CATALOGING SOURCE
Transcribing agency 0
082 ## - DEWEY DECIMAL CLASSIFICATION NUMBER
Classification number 200
100 ## - MAIN ENTRY--PERSONAL NAME
Personal name Asma Saeed
9 (RLIN) 123842
245 ## - TITLE STATEMENT
Title Microbial Evaluation And Validation Of Biomarkers For Environmental Contaminants/
Statement of responsibility, etc. Asma Saeed
260 ## - PUBLICATION, DISTRIBUTION, ETC.
Place of publication, distribution, etc. Islamabad;
Name of publisher, distributor, etc. IESE (SCEE) NUST;
Date of publication, distribution, etc. 2016.
300 ## - PHYSICAL DESCRIPTION
Extent 131 p.
Other physical details HB.
440 ## - SERIES STATEMENT/ADDED ENTRY--TITLE
Title PhD-Environmental Engineering
9 (RLIN) 1729
500 ## - GENERAL NOTE
General note Thesis PhD EE
650 ## - SUBJECT ADDED ENTRY--TOPICAL TERM
Topical term or geographic name entry element Environmental Engineering
9 (RLIN) 1550
700 ## - ADDED ENTRY--PERSONAL NAME
Relator code Supervisor:Dr. Imran Hashmi
856 ## - ELECTRONIC LOCATION AND ACCESS
Uniform Resource Identifier <a href="http://10.250.8.41:8080/xmlui/handle/123456789/3038">http://10.250.8.41:8080/xmlui/handle/123456789/3038</a>
942 ## - ADDED ENTRY ELEMENTS (KOHA)
Source of classification or shelving scheme
Koha item type Soft Copy
Holdings
Withdrawn status Lost status Source of classification or shelving scheme Damaged status Not for loan Collection code Permanent Location Current Location Shelving location Date acquired Total Checkouts Full call number Barcode Date last seen Price effective from Koha item type
            Central Library (CL) Central Library (CL) Thesis 08/26/2019   200 CLPT-408 08/26/2019 08/26/2019 Thesis
        Not For Loan   Institute of Environmental Science and Engineering (IESE) Institute of Environmental Science and Engineering (IESE) Thesis 03/09/2017   628 SAE IESE-T-340 03/09/2017 03/09/2017 Thesis
© 2023 Central Library, National University of Sciences and Technology. All Rights Reserved.